Taylor Swift - folklore - Statistics

General Stats
  • This quiz has been taken 42 times
  • The average score is 15 of 17
Answer Stats
2020 folklore % Correct
14 betty
100%
2 cardigan
97%
1 the 1
97%
7 seven
95%
8 august
92%
6 mirrorball
92%
3 the last great american dynasty
92%
17 the lakes
86%
13 epiphany
84%
16 hoax
84%
15 peace
84%
12 mad woman
81%
5 my tears ricochet
81%
10 illicit affairs
78%
9 this is me trying
78%
11 invisible string
73%
4 exile (feat. Bon Iver)
70%
No matching quizzes found
Score Distribution
Percent of People with Each Score
Percentile by Number Answered
Your Score History
You have not taken this quiz